Estatísticas para Cultura Geral

Clique aqui para jogar o quiz

Estatísticas Gerais

  • Esse quiz foi jogado 24 vezes
  • A pontuação média é 8 de 15

Estatísticas das Respostas

HintResposta% Correto
Como se chama o nosso planeta?Terra
91%
Que nome se dá ás pessoas que vivem na Suécia?Suecos
82%
Em que oceano se situa o mar Norte?Atlântico
77%
A que país pertence a cadeia El Corte Inglés?Espanha
77%
Que país tem as maiores reservas de petróleo?Arábia Saudita
68%
Em que continente fica o mar Báltico?Europa
68%
Vilnius é o principal centro económico de que país?Lituânia
64%
Que rio atravessa Paris?Sena
64%
Na sociedade ocidental que se usa em funerais?Preto
55%
A que país pertence a cadeia de supermercados Lidl?Alemanha
36%
Que ciência estuda as estrelas,os astros e os corpos celestes?Astrologia
36%
Qual é o oitavo planeta do sistema solar?Neptuno
32%
Qual é o nome de rapaz mais usado na Rússia?Ivan
14%
No programa de televisão "It's Always Sunny" quem fazia de Frank Reynolds?Danny DeVito
5%
Que nome se dá ao traje usado na cultura islâmica?Hijabe
0%

Distribuição das Pontuações

Percentil de Números Respondidos

Porcentagem de Pessoas com Cada Pontuação

Sua Pontuação Histórica

Você não jogou esse quiz